The Central London retail property market (Record no. 77076)
[ view plain ]
| 000 -LEADER | |
|---|---|
| fixed length control field | 01082cab a2200181 4500 |
| 001 - CONTROL NUMBER | |
| control field | ##L133543 |
| 008 - FIXED-LENGTH DATA ELEMENTS--GENERAL INFORMATION | |
| fixed length control field | 060517n2005 000 0 eng u |
| 035 ## - SYSTEM CONTROL NUMBER | |
| System control number | (Sirsi) u133543 |
| 041 0# - LANGUAGE CODE | |
| Language code of text/sound track or separate title | eng |
| 100 1# - MAIN ENTRY--PERSONAL NAME | |
| Personal name | Moran, Michael |
| 245 04 - TITLE STATEMENT | |
| Title | The Central London retail property market |
| Remainder of title | a fresh perspective |
| 260 ## - PUBLICATION, DISTRIBUTION, ETC. | |
| Date of publication, distribution, etc. | 2005 |
| 490 #0 - SERIES STATEMENT | |
| Series statement | Journal of Retail and Leisure Property |
| Volume/sequential designation | 5(1) December 2005, 78-89(12) |
| 520 ## - SUMMARY, ETC. | |
| Summary, etc. | Analyses the three key areas of market performance, supply (availability of new units), demand (from retailers) and performance (achieved rental levels), to determine the state of the market. Concludes that the market is in a healthy, robust state: retailers are continuing to seek out new stores, and incumbent retailers are reluctant to give up existing space. Compares Central London's retail attractiveness with Birmingham and Manchester, and with Bluewater and the Trafford Centre. Tables and graphs. [Taken from journal abstract]. |
| 651 #4 - SUBJECT ADDED ENTRY--GEOGRAPHIC NAME | |
| Geographic name | LONDON |
| 690 ## - LOCAL SUBJECT ADDED ENTRY--TOPICAL TERM (OCLC, RLIN) | |
| Topical term or geographic name as entry element | PROPERTY-COMMERCIAL PROPERTY-RETAIL PROPERTY-TOWN CENTRE RETAIL PROPERTY |
| 942 ## - ADDED ENTRY ELEMENTS (KOHA) | |
| Suppress in OPAC | 0 |
| Withdrawn status | Lost status | Source of classification or shelving scheme | Damaged status | Not for loan | Home library | Current library | Shelving location | Date acquired | Total Checkouts | Full call number | Barcode | Date last seen | Copy number | Price effective from | Koha item type |
|---|---|---|---|---|---|---|---|---|---|---|---|---|---|---|---|
| Dewey Decimal Classification | London | London | Journal article | 17/05/2006 | L133543 | 133543-1001 | 06/08/2019 | 1 | 06/08/2019 | Journal article |